[Event "WJCC U20 Open 2019"]
[Site "New Delhi"]
[Date "2019.10.23"]
[Round "9.27"]
[White "Tifferet, Shaked"]
[Black "Rajdeep Sarkar"]
[Result "0-1"]
[WhiteElo "2224"]
[BlackElo "2384"]
[Annotator "ChessBase"]
[PlyCount "96"]
[EventDate "2019.10.15"]
[EventType "swiss"]
[EventCountry "IND"]
[SourceTitle "playchess.com"]
[Source "ChessBase"]
[SourceQuality "1"]
[TimeControl "40/5400+30:1800+30"]

1. e4 {[%emt 0:00:00]} c6 {[%emt 0:00:00]} 2. Nc3 {[%emt 0:00:00]} d5 {[%emt 0:00:00]} 3. Nf3 {[%emt 0:00:00]} Nf6 {[%emt 0:00:10]} 4. e5 {[%emt 0:00:45]} Ne4 {[%emt 0:00:06]} 5. Ne2 {[%emt 0:00:33]} Qb6 {[%emt 0:00:19]} 6. d4 {[%emt 0:00:23]} e6 {[%emt 0:00:16]} 7. Ng3 {[%emt 0:02:59]} c5 {[%emt 0:00:14]} 8. Bd3 {[%emt 0:03:32]} Nxg3 {[%emt 0:00:07]} 9. hxg3 {[%emt 0:00:05]} cxd4 {[%emt 0:00:05]} 10. Ng5 {[%emt 0:14:05]} Nc6 {[%emt 0:00:07]} 11. f4 {[%emt 0:07:42]} Bd7 {[%emt 0:08:15]} 12. a3 {[%emt 0:14:49]} Be7 {[%emt 0:13:44]} 13. Qg4 {[%emt 0:05:48]} h6 {[%emt 0:06:54]} 14. Qh5 {[%emt 0:13:07]} Bxg5 {[%emt 0:36:20]} 15. Qxg5 {[%emt 0:00:30]} hxg5 {[%emt 0:00:30]} 16. Rxh8+ {[%emt 0:00:30]} Ke7 {[%emt 0:00:30]} 17. Rxa8 {[%emt 0:00:30]} gxf4 {[%emt 0:00:30]} 18. gxf4 {[%emt 0:00:30]} f6 {[%emt 0:00:30]} 19. b4 {[%emt 0:00:30]} a6 20. exf6+ {[%emt 0:10:57]} gxf6 {[%emt 0:01:00]} 21. Bd2 {[%emt 0:01:05]} e5 {[%emt 0:00:57]} 22. fxe5 {[%emt 0:00:12]} fxe5 {[%emt 0:00:01]} 23. Bg5+ {[%emt 0:01:59]} Kd6 {[%emt 0:03:10]} 24. Bh7 {[%emt 0:04:34]} d3 {[%emt 0:04:10]} 25. O-O-O {[%emt 0:01:19]} dxc2 {[%emt 0:00:33]} 26. Rh1 {[%emt 0:06:31]} Qd4 {[%emt 0:01:44]} 27. Rh6+ {[%emt 0:04:45]} Kc7 {[%emt 0:00:08]} 28. Bxc2 {[%emt 0:01:21]} Qa1+ {[%emt 0:02:43]} 29. Kd2 {[%emt 0:00:05]} Qxa3 {[%emt 0:00:10]} 30. Rh7 {[%emt 0:00:35]} Qxb4+ {[%emt 0:00:23]} 31. Kc1 {[%emt 0:00:05]} Qc3 {[%emt 0:09:48]} 32. Rg8 {[%emt 0:05:26]} Nd4 {[%emt 0:06:15]} 33. Bd8+ {[%emt 0:00:02]} Kc6 {[%emt 0:00:52]} 34. Rg6+ {[%emt 0:01:04]} Kb5 {[%emt 0:00:36]} 35. Rb6+ {[%emt 0:00:16]} Kc4 {[%emt 0:01:26]} 36. Rb2 {[%emt 0:00:09]} Nxc2 {[%emt 0:00:34]} 37. Rxc2 {[%emt 0:00:41]} Qxc2+ {[%emt 0:00:05]} 38. Kxc2 {[%emt 0:00:04]} Bf5+ {[%emt 0:00:03]} 39. Kd2 {[%emt 0:00:40]} Bxh7 {[%emt 0:00:01]} 40. Bf6 {[%emt 0:00:37]} Kd4 {[%emt 0:00:22]} 41. Be7 {[%emt 0:02:38]} Bf5 {[%emt 0:03:04]} 42. Bd6 {[%emt 0:03:38]} Ke4 {[%emt 0:00:32]} 43. Kc3 {[%emt 0:00:54]} d4+ {[%emt 0:00:07]} 44. Kc4 {[%emt 0:00:07]} Be6+ {[%emt 0:00:01]} 45. Kb4 {[%emt 0:00:33]} Kd5 {[%emt 0:00:07]} 46. Bc7 {[%emt 0:00:26]} e4 {[%emt 0:00:01]} 47. Bf4 {[%emt 0:01:07]} e3 {[%emt 0:00:05]} 48. Bh6 {[%emt 0:00:07]} Ke4 {[%emt 0:00:03]} 0-1

[Event "WJCC U20 Open 2019"]
[Site "New Delhi"]
[Date "2019.10.23"]
[Round "9.28"]
[White "Aronyak Ghosh"]
[Black "Saurabh Anand"]
[Result "1/2-1/2"]
[WhiteElo "2380"]
[BlackElo "2236"]
[Annotator "TA"]
[PlyCount "25"]
[EventDate "2019.10.15"]
[EventType "swiss"]
[EventCountry "IND"]
[SourceTitle "playchess.com"]
[Source "ChessBase"]
[SourceQuality "1"]

{[%evp 24,25,19,0]} 1. d4 d5 2. Nf3 Nf6 3. c4 e6 4. g3 Bb4+ 5. Bd2 Be7 6. Bg2 O-O 7. O-O c6 8. Qc2 Nbd7 9. Bf4 Nh5 $146 ({Predecessor:} 9... b6 10. Rd1 Ba6 11. cxd5 cxd5 12. Ne5 Nxe5 13. dxe5 Ng4 14. h3 g5 15. Bxg5 Nxe5 16. Bxe7 Qxe7 17. e4 dxe4 18. Qxe4 {½-½ (32) Yu,Y (2751)-Ding,L (2809) Shenzhen 2019}) 10. Bc1 Nhf6 11. Bf4 Nh5 12. Bc1 Nhf6 13. Bf4 1/2-1/2

[Event "WJCC U20 Open 2019"]
[Site "New Delhi"]
[Date "2019.10.23"]
[Round "9.29"]
[White "Miciano, John Marvin"]
[Black "Tica, Sven"]
[Result "1/2-1/2"]
[WhiteElo "2345"]
[BlackElo "2418"]
[Annotator "TA"]
[PlyCount "111"]
[EventDate "2019.10.15"]
[EventType "swiss"]
[EventCountry "IND"]
[SourceTitle "playchess.com"]
[Source "ChessBase"]
[SourceQuality "1"]

{[%evp 9,111,32,81,58,63,50,66,56,84,82,74,87,112,107,91,73,75,62,65,63,83,52,114,113,133,135,130,148,136,127,123,122,128,125,123,145,137,130,116,125,109,24,24,24,24,24,24,24,24,25,25,25,42,47,52,24,29,0,0,0,0,-9,-11,-14,35,-52,-49,-78,-70,-52,0,0,0,-18,0,0,0,-8,0,0,0,0,0,0,0,0,0,-8,-8,-77,-67,-59,-77,-62,-52,-78,0,0,0,-70,0,0,0,-77]} 1. e4 c6 2. d4 d5 3. Nd2 g6 4. c3 Bg7 5. e5 (5. Bd3 Nh6 6. h3 O-O 7. Ngf3 f6 8. c4 Nf7 9. O-O Na6 10. Re1 e6 11. b3 Re8 12. Bb2 dxe4 13. Bxe4 c5 {0-1 (57) Shyam,N (2434)-Turov,M (2579) Mumbai 2019}) 5... h5 6. f4 {B12: Caro-Kann: Advance Variation} Nh6 7. Ndf3 Bg4 8. h3 $146 {White is slightly better.} ({Predecessor:} 8. Qb3 Qb6 9. Be3 Nd7 10. Bf2 e6 11. Ng5 Qxb3 12. axb3 a6 13. h3 Bf5 {½-½ (35) Garcia Callejo,J (2350)-Ramo Frontinan,C (2405) Lleida 1991}) 8... Bxf3 9. Nxf3 ({Of course not} 9. gxf3 $6 e6 $11) 9... Nf5 10. Bd3 Ng3 11. Rg1 e6 12. Be3 h4 13. Qd2 Nd7 14. Bf2 Bh6 15. O-O-O Nb6 (15... Nh5 $1 $14) 16. Kb1 $16 Qe7 17. Qe3 Nc4 18. Bxc4 Nf5 19. Qe1 {Black must now prevent Bd3.} dxc4 20. Nxh4 Bxf4 {[%cal Rh8h4] [#]} 21. Nf3 $1 Qd7 22. Qe4 Bh6 23. g4 Ne7 24. Bh4 Nd5 25. Bf6 ({White should play} 25. Rdf1 $16) 25... Nxf6 $11 26. exf6 Qd5 27. Rde1 Bf8 28. h4 Bd6 29. Rh1 O-O-O 30. Qe3 b5 31. Ng5 Rd7 32. Ref1 c5 33. h5 (33. Rd1 {seems wilder.} Rhd8 34. Qf3 Qxf3 35. Nxf3 Bf4 36. h5) 33... cxd4 34. cxd4 gxh5 35. Rxh5 Rxh5 36. gxh5 {Strongly threatening h6.} Qg2 37. Qg1 (37. Rg1 $14 Bf4 38. Rxg2 Bxe3 39. Kc2 Bxd4 40. h6 Bxf6 41. h7) 37... Qe2 $1 $15 38. Rf3 {h6 is the strong threat.} Bf8 39. a3 $1 Bh6 ({Better is} 39... Rd5 $15 40. Re3 Qxh5) 40. Rg3 $11 Qxh5 {Hoping for ...Rd5.} 41. Ka1 Rd5 42. Ne4 Bf4 43. Rg8+ Kc7 44. Rg7 Bh2 45. Qe3 {White wants to play Nc3.} Qd1+ 46. Ka2 Qxd4 47. Rxf7+ Kc6 48. Qxd4 Rxd4 {[%mdl 4096] Endgame KRB-KRN} 49. Ng5 {[#]} (49. Nc3 $1 $11) 49... Rd2 $1 $17 50. Ne4 Re2 $1 51. Nc3 Rf2 {aiming for ...Be5.} 52. Ne4 Re2 (52... Rf4 $17 53. Nc3 a5) 53. Nc3 $1 $11 {[%cal Rc3e2]} Rf2 (53... Re1 $11) 54. Ne4 $15 Re2 55. Nc3 $1 {[%cal Rc3e2]} Rf2 {Threatens to win with ...Be5.} 56. Ne4 {Accuracy: White = 63%, Black = 67%.} 1/2-1/2

[Event "WJCC U20 Open 2019"]
[Site "New Delhi"]
[Date "2019.10.23"]
[Round "9.30"]
[White "Hollan, Martin"]
[Black "Nitish Belurkar"]
[Result "1/2-1/2"]
[WhiteElo "2403"]
[BlackElo "2311"]
[Annotator "TA"]
[PlyCount "38"]
[EventDate "2019.10.15"]
[EventType "swiss"]
[EventCountry "IND"]
[SourceTitle "playchess.com"]
[Source "ChessBase"]
[SourceQuality "1"]

{[%evp 12,38,36,40,35,28,32,0,0,0,0,-6,18,-10,120,25,27,20,16,14,17,-57,-57,-50,-58,-135,-148,-143,-114]} 1. c4 Nf6 2. Nc3 e6 3. e4 d5 4. e5 d4 5. exf6 dxc3 6. bxc3 Qxf6 7. d4 Nc6 {A18: English Opening: Flohr-Mikenas System (1 c4 Nf6 2 Nc3 e6 3 e4)} 8. Nf3 e5 9. Bg5 Qg6 {[#] ...e4 is the strong threat.The position is equal.} 10. d5 Nb8 11. Bd3 Bf5 12. Qa4+ Nd7 {[#]} (12... Bd7 $1 $11 13. Bxg6 Bxa4) 13. Qxd7+ $146 (13. Nh4 $1 $16 Qxg5 14. Bxf5) ({Predecessor:} 13. O-O Bd6 14. Bxf5 Qxf5 15. c5 Bxc5 16. Nxe5 {1-0 (36) Kortschnoj,V (2645)-Ashley,M (2460) New York 1996}) 13... Bxd7 $11 14. Bxg6 hxg6 15. Nxe5 {Threatening 0-0.} Bf5 16. Be3 (16. g4 $11 Bc8 17. Kd2) 16... f6 $15 17. Nf3 Bd3 18. Nd4 (18. Nd2 $15) 18... Bxc4 $17 19. Ne6 Kd7 {Accuracy: White = 13%, Black = 57%.} 1/2-1/2

[Event "WJCC U20 Open 2019"]
[Site "New Delhi"]
[Date "2019.10.23"]
[Round "9.30"]
[White "Hollan, Martin"]
[Black "Nitish Belurkar"]
[Result "*"]
[WhiteElo "2403"]
[BlackElo "2311"]
[Annotator "ChessBase"]
[PlyCount "41"]
[EventDate "2019.10.15"]
[EventType "swiss"]
[EventCountry "IND"]
[SourceTitle "playchess.com"]
[Source "ChessBase"]
[SourceQuality "1"]
[TimeControl "40/5400+30:1800+30"]

1. c4 {[%emt 0:00:00]} Nf6 {[%emt 0:00:00]} 2. Nc3 {[%emt 0:00:00]} e6 {[%emt 0:00:00]} 3. e4 {[%emt 0:00:10]} d5 {[%emt 0:00:00]} 4. e5 {[%emt 0:01:47]} d4 {[%emt 0:00:00]} 5. exf6 {[%emt 0:00:17]} dxc3 {[%emt 0:00:00]} 6. bxc3 {[%emt 0:00:11]} Qxf6 {[%emt 0:00:04]} 7. d4 {[%emt 0:00:16]} Nc6 {[%emt 0:03:34]} 8. Nf3 {[%emt 0:00:43]} e5 {[%emt 0:00:14]} 9. Bg5 {[%emt 0:04:40]} Qg6 {[%emt 0:01:07]} 10. d5 {[%emt 0:01:15]} Nb8 {[%emt 0:02:36]} 11. Bd3 {[%emt 0:05:09]} Bf5 {[%emt 0:14:19]} 12. Qa4+ {[%emt 0:16:13]} Nd7 {[%emt 0:11:10]} 13. Qxd7+ {[%emt 0:08:48]} Bxd7 {[%emt 0:01:39]} 14. Bxg6 {[%emt 0:00:08]} hxg6 {[%emt 0:00:10]} 15. Nxe5 {[%emt 0:00:46]} Bf5 {[%emt 0:02:31]} 16. Be3 {[%emt 0:17:27]} f6 {[%emt 0:03:57]} 17. Nf3 {[%emt 0:00:10]} Bd3 {[%emt 0:01:26]} 18. Nd4 {[%emt 0:10:06]} Bxc4 {[%emt 0:09:15]} 19. Ne6 {[%emt 0:01:41]} Bd3 {[%emt 0:00:00]} 20. Nd4 Bc4 {[%emt 0:01:00]} 21. Ne6 {[%emt 0:01:00]} *

[Event "WJCC U20 Open 2019"]
[Site "New Delhi"]
[Date "2019.10.23"]
[Round "9.31"]
[White "Dobrovoljc, Vid"]
[Black "Risting, Eivind Olav"]
[Result "1-0"]
[WhiteElo "2389"]
[BlackElo "2289"]
[Annotator "TA"]
[PlyCount "55"]
[EventDate "2019.10.15"]
[EventType "swiss"]
[EventCountry "IND"]
[SourceTitle "playchess.com"]
[Source "ChessBase"]
[SourceQuality "1"]

{[%evp 20,55,23,0,37,37,33,29,35,32,29,32,29,24,25,25,27,20,27,25,19,12,45,24,65,69,172,166,475,483,498,491,485,475,460,449,735,649]} 1. e4 c5 2. Nf3 d6 3. d4 cxd4 4. Nxd4 Nf6 5. Nc3 Nc6 6. Bg5 e6 7. Qd2 Be7 8. O-O-O O-O 9. f4 Nxd4 10. Qxd4 Qa5 11. Be2 Bd7 {B65: Sicilian: Richter-Rauzer: 7...Be7 8 0-0-0 0-0 9 f4 Nxd4} 12. e5 dxe5 13. fxe5 {[%cal Rg5f6]} Bc6 {White has an edge.} 14. Bxf6 gxf6 15. Nd5 Bxd5 16. exf6 {[#]} Bxf6 $1 {[%mdl 512]} 17. Qxf6 {aiming for Rd4.} Be4 $1 18. Bd3 Bg6 $1 19. Kb1 $146 {[%mdl 128] White attacks.} ({Predecessor:} 19. Bxg6 hxg6 {½-½ (61) Yeletsky,I (2422)-Gutenev,A (2460) Sochi 2019}) 19... Rfd8 20. Rhf1 Rac8 21. h4 Qh5 22. g4 Qxg4 {[#]} ({Better is} 22... Qc5 $1 $14) 23. Rg1 $1 $18 {[%cal Rg1g4]} Qh3 $2 ({But not} 23... Rxd3 $2 24. cxd3 (24. Rxg4 $2 {leads to mate.} Rxd1#) 24... Qf5 25. Qxf5 $18) (23... Qd4 24. Qxd4 Rxd4) 24. Rdf1 {Qxf7+ would kill now.White is clearly winning.} Rd7 {[#] If Black can now play ...Rc5 this consolidates a bit.} 25. h5 $1 {[%mdl 512]} Qxh5 {[#]} 26. Bxg6 $1 hxg6 27. Rh1 Rcd8 (27... Rc5 $142) 28. Kc1 {Accuracy: White = 81%, Black = 31%.} 1-0

[Event "WJCC U20 Open 2019"]
[Site "New Delhi"]
[Date "2019.10.23"]
[Round "9.32"]
[White "Eugene, Floryan"]
[Black "Wagh Suyog"]
[Result "0-1"]
[WhiteElo "2346"]
[BlackElo "2229"]
[Annotator "ChessBase"]
[PlyCount "76"]
[EventDate "2019.10.15"]
[EventType "swiss"]
[EventCountry "IND"]
[SourceTitle "playchess.com"]
[Source "ChessBase"]
[SourceQuality "1"]
[TimeControl "40/5400+30:1800+30"]

1. e4 {[%emt 0:00:00]} e5 {[%emt 0:00:00]} 2. Nf3 {[%emt 0:00:11]} Nc6 {[%emt 0:00:00]} 3. Bc4 {[%emt 0:01:10]} Bc5 {[%emt 0:00:00]} 4. O-O {[%emt 0:00:17]} Nf6 {[%emt 0:00:00]} 5. d3 {[%emt 0:00:06]} d6 {[%emt 0:02:01]} 6. c3 {[%emt 0:00:28]} a6 {[%emt 0:02:00]} 7. a4 {[%emt 0:00:28]} Ba7 {[%emt 0:02:44]} 8. Re1 {[%emt 0:01:37]} h6 {[%emt 0:03:14]} 9. Be3 {[%emt 0:30:41]} Bxe3 {[%emt 0:04:11]} 10. Rxe3 {[%emt 0:00:12]} O-O 11. Nbd2 {[%emt 0:02:21]} Ne7 {[%emt 0:13:15]} 12. Nf1 {[%emt 0:11:16]} Ng6 {[%emt 0:01:54]} 13. Ng3 {[%emt 0:00:19]} c6 {[%emt 0:05:05]} 14. d4 {[%emt 0:03:48]} Qc7 {[%emt 0:07:52]} 15. dxe5 {[%emt 0:10:14]} dxe5 {[%emt 0:00:56]} 16. Rd3 {[%emt 0:00:40]} Nf4 {[%emt 0:09:48]} 17. Rd2 {[%emt 0:05:50]} Bg4 {[%emt 0:11:24]} 18. h3 {[%emt 0:00:32]} Bxf3 {[%emt 0:01:31]} 19. Qxf3 {[%emt 0:00:07]} g6 {[%emt 0:11:21]} 20. a5 {[%emt 0:05:23]} Rad8 {[%emt 0:01:19]} 21. Rxd8 {[%emt 0:00:07]} Rxd8 {[%emt 0:00:19]} 22. Nf1 {[%emt 0:00:28]} Kg7 {[%emt 0:02:49]} 23. Kh2 {[%emt 0:01:31]} Qe7 {[%emt 0:03:20]} 24. Ra4 {[%emt 0:07:19]} Nd7 {[%emt 0:01:44]} 25. b4 {[%emt 0:03:56]} b5 {[%emt 0:01:05]} 26. axb6 {[%emt 0:01:25]} Nxb6 {[%emt 0:00:11]} 27. Rxa6 {[%emt 0:00:13]} Nxc4 {[%emt 0:01:52]} 28. Rxc6 {[%emt 0:00:15]} Rd3 {[%emt 0:08:38]} 29. Qg4 {[%emt 0:00:10]} h5 {[%emt 0:01:10]} 30. Qc8 {[%emt 0:00:06]} Nd6 {[%emt 0:01:16]} 31. Qa6 {[%emt 0:01:35]} Qh4 {[%emt 0:03:58]} 32. Ng3 {[%emt 0:01:50]} Nxe4 {[%emt 0:00:11]} 33. Rxg6+ {[%emt 0:02:01]} fxg6 {[%emt 0:00:11]} 34. Qb7+ {[%emt 0:00:03]} Kh6 {[%emt 0:00:39]} 35. Qxe4 {[%emt 0:00:03]} Qf6 {[%emt 0:00:46]} 36. Qa8 {[%emt 0:00:42]} Qd8 {[%emt 0:00:26]} 37. Qc6 {[%emt 0:00:25]} Qd5 {[%emt 0:00:47]} 38. Nf5+ {[%emt 0:01:37]} Kg5 {[%emt 0:00:30]} 0-1

[Event "WJCC U20 Open 2019"]
[Site "New Delhi"]
[Date "2019.10.23"]
[Round "9.33"]
[White "Neelash Saha"]
[Black "Donoso Diaz, Sebastian"]
[Result "0-1"]
[WhiteElo "2334"]
[BlackElo "2203"]
[Annotator "ChessBase"]
[PlyCount "156"]
[EventDate "2019.10.15"]
[EventType "swiss"]
[EventCountry "IND"]
[SourceTitle "playchess.com"]
[Source "ChessBase"]
[SourceQuality "1"]
[TimeControl "40/5400+30:1800+30"]

1. d4 {[%emt 0:00:00]} d5 {[%emt 0:00:00]} 2. c4 {[%emt 0:00:00]} dxc4 {[%emt 0:00:00]} 3. e4 {[%emt 0:00:00]} e5 {[%emt 0:00:38]} 4. Nf3 {[%emt 0:00:00]} exd4 {[%emt 0:00:13]} 5. Bxc4 {[%emt 0:00:00]} Nc6 {[%emt 0:00:14]} 6. O-O {[%emt 0:00:02]} Be6 {[%emt 0:00:07]} 7. Nbd2 {[%emt 0:00:43]} Bd6 {[%emt 0:06:15]} 8. Qb3 {[%emt 0:04:29]} Qd7 {[%emt 0:01:26]} 9. Qb4 b5 10. Qxb5 {[%emt 0:03:08]} Rb8 {[%emt 0:00:51]} 11. Qa6 {[%emt 0:00:05]} Nge7 {[%emt 0:03:24]} 12. a3 {[%emt 0:00:53]} O-O {[%emt 0:12:17]} 13. b4 {[%emt 0:01:54]} Ng6 {[%emt 0:05:20]} 14. Bb2 {[%emt 0:01:40]} Bh3 {[%emt 0:13:26]} 15. Rfc1 {[%emt 0:08:06]} Bxg2 {[%emt 0:04:43]} 16. Kxg2 {[%emt 0:00:11]} Nce5 {[%emt 0:00:34]} 17. Nxe5 {[%emt 0:05:36]} Bxe5 {[%emt 0:01:32]} 18. Kf1 {[%emt 0:02:43]} Rb6 {[%emt 0:01:44]} 19. Qxa7 {[%emt 0:00:42]} Nf4 {[%emt 0:10:25]} 20. Ke1 {[%emt 0:02:29]} Qg4 {[%emt 0:02:14]} 21. Bf1 {[%emt 0:02:15]} d3 {[%emt 0:01:33]} 22. Nc4 {[%emt 0:00:26]} Ng2+ {[%emt 0:03:00]} 23. Kd2 {[%emt 0:00:05]} Qf4+ {[%emt 0:19:08]} 24. Kxd3 {[%emt 0:00:53]} Bxb2 {[%emt 0:00:06]} 25. Nxb2 {[%emt 0:00:19]} Qxf2 {[%emt 0:01:39]} 26. Qxc7 {[%emt 0:01:49]} Rbb8 {[%emt 0:00:08]} 27. Nc4 {[%emt 0:00:25]} Rfd8+ {[%emt 0:07:55]} 28. Kc3 {[%emt 0:00:09]} Nf4 {[%emt 0:01:23]} 29. Qc5 {[%emt 0:03:45]} Qxh2 {[%emt 0:00:03]} 30. Qe3 {[%emt 0:00:23]} Ne6 {[%emt 0:02:15]} 31. Rd1 {[%emt 0:01:10]} Rdc8 {[%emt 0:00:06]} 32. Rd2 {[%emt 0:00:54]} Qe5+ {[%emt 0:00:20]} 33. Rd4 {[%emt 0:00:05]} Ra8 {[%emt 0:01:25]} 34. a4 {[%emt 0:01:24]} f5 {[%emt 0:01:40]} 35. Rad1 {[%emt 0:04:39]} f4 {[%emt 0:00:40]} 36. Qf2 {[%emt 0:01:14]} Rxa4 {[%emt 0:00:05]} 37. Kb3 {[%emt 0:00:52]} Qb5 {[%emt 0:00:10]} 38. Na3 {[%emt 0:02:04]} Rc3+ {[%emt 0:01:13]} 39. Kxc3 {[%emt 0:01:34]} Rxa3+ {[%emt 0:00:05]} 40. Kb2 {[%emt 0:00:03]} Qa4 {[%emt 0:00:09]} 41. Rd8+ {[%emt 0:42:07]} Kf7 {[%emt 0:30:07]} 42. R8d7+ {[%emt 0:00:22]} Ke8 {[%emt 0:00:00]} 43. Rd8+ {[%emt 0:00:00]} Kf7 {[%emt 0:00:00]} 44. R8d7+ {[%emt 0:00:00]} Kg6 {[%emt 0:00:00]} 45. Qg1+ {[%emt 0:00:00]} Rg3 {[%emt 0:00:00]} 46. Qxg3+ {[%emt 0:00:00]} fxg3 {[%emt 0:00:00]} 47. Kc3 {[%emt 0:00:00]} Qa3+ {[%emt 0:00:00]} 48. Kc4 {[%emt 0:00:00]} g2 {[%emt 0:00:00]} 49. Bd3 {[%emt 0:00:00]} Qa2+ {[%emt 0:00:00]} 50. Kb5 {[%emt 0:00:00]} Nf4 {[%emt 0:00:00]} 51. Bc4 {[%emt 0:00:00]} Qf2 52. R1d6+ {[%emt 0:00:00]} Kg5 {[%emt 0:00:00]} 53. Rxg7+ {[%emt 0:00:00]} Ng6 {[%emt 0:00:00]} 54. Rd1 {[%emt 0:00:00]} g1=Q {[%emt 0:00:00]} 55. Rxg1+ {[%emt 0:00:00]} Qxg1 {[%emt 0:00:00]} 56. Rxh7 {[%emt 0:00:00]} Qd4 {[%emt 0:00:00]} 57. Bd5 {[%emt 0:00:00]} Nf4 {[%emt 0:00:00]} 58. Rc7 {[%emt 0:00:00]} Nd3 {[%emt 0:00:00]} 59. Rc4 {[%emt 0:00:00]} Qa7 {[%emt 0:00:00]} 60. Rc3 {[%emt 0:00:00]} Ne5 {[%emt 0:00:00]} 61. Rg3+ {[%emt 0:00:00]} Kf6 62. Rg8 {[%emt 0:00:00]} Nd7 {[%emt 0:01:23]} 63. Re8 {[%emt 0:00:00]} Qb6+ {[%emt 0:01:14]} 64. Kc4 {[%emt 0:00:00]} Qa6+ {[%emt 0:00:15]} 65. Kd4 {[%emt 0:00:00]} Qa7+ {[%emt 0:00:23]} 66. Kc3 {[%emt 0:00:00]} Kg5 {[%emt 0:01:02]} 67. Re7 {[%emt 0:00:00]} Qe3+ {[%emt 0:00:14]} 68. Kc4 {[%emt 0:00:00]} Qe2+ {[%emt 0:00:53]} 69. Kd4 {[%emt 0:00:00]} Qb2+ {[%emt 0:00:21]} 70. Kc4 {[%emt 0:00:00]} Ne5+ {[%emt 0:00:16]} 71. Kc5 {[%emt 0:00:00]} Qc3+ {[%emt 0:00:07]} 72. Kd6 {[%emt 0:00:00]} Qxb4+ {[%emt 0:00:17]} 73. Ke6 {[%emt 0:00:00]} Ng6 {[%emt 0:01:34]} 74. Rb7 {[%emt 0:00:00]} Qa4 {[%emt 0:01:33]} 75. Kd6 {[%emt 0:00:00]} Qa3+ {[%emt 0:00:23]} 76. Ke6 {[%emt 0:00:00]} Qa6+ {[%emt 0:00:43]} 77. Kd7 {[%emt 0:00:00]} Ne5+ {[%emt 0:00:19]} 78. Kc7 {[%emt 0:00:00]} Qf6 {[%emt 0:00:39]} 0-1

[Event "WJCC U20 Open 2019"]
[Site "New Delhi"]
[Date "2019.10.23"]
[Round "9.34"]
[White "Sterck, Arno"]
[Black "Doluweera, Minul Sanjula"]
[Result "1/2-1/2"]
[WhiteElo "2331"]
[BlackElo "2191"]
[Annotator "TA"]
[PlyCount "93"]
[EventDate "2019.10.15"]
[EventType "swiss"]
[EventCountry "IND"]
[SourceTitle "playchess.com"]
[Source "ChessBase"]
[SourceQuality "1"]

{[%evp 9,93,33,23,14,38,22,29,27,25,16,16,16,21,15,10,18,46,29,50,47,64,-113,0,-1,43,43,43,38,61,49,61,56,83,26,85,70,75,27,20,11,131,131,218,212,183,41,47,30,35,14,27,0,0,0,3,-24,0,-56,-49,-78,-65,-77,4,8,4,0,0,0,8,-50,-47,-60,-49,-139,-132,-130,-139,-134,-31,-37,0,-124,0,-63,0,-165]} 1. Nf3 Nf6 2. e3 c5 3. d4 g6 4. d5 Bg7 5. c4 e6 6. Nc3 {A48: 1 d4 Nf6 2 Nf3 g6: Torre, London and Colle Systems} exd5 7. cxd5 d6 8. Be2 {White has an edge.} O-O 9. O-O Na6 10. Nd2 Nc7 $146 ({Predecessor:} 10... Re8 11. e4 Nc7 12. f3 b6 13. a4 {½-½ (54) Yu,Y (2761)-Sevian,S (2642) Astana 2019}) 11. e4 Rb8 12. a4 b6 13. Nc4 Re8 14. f3 Ba6 15. Na3 $2 {[#]} (15. Bg5 $14 {stays ahead.}) 15... Bxe2 ({Black should play} 15... Nfxd5 $1 $17 {[%mdl 512]} 16. Nxd5 Bxe2 17. Qxe2 Nxd5 {[%mdl 64] Pin}) 16. Nxe2 $11 a6 17. Nc4 b5 18. Na5 {aiming for Nc6.} Ra8 19. Nc6 $36 {[%mdl 2048] White is more active.} Qc8 20. Bf4 Bf8 21. Ng3 (21. Qd2 $16) 21... Nd7 (21... Ne6 $1 $11 22. Be3 (22. dxe6 Qxc6 23. exf7+ Kxf7 $14) 22... Nd8) 22. b3 bxa4 23. bxa4 a5 $1 24. Qd2 Qa6 {[#]} (24... Nb8 $1 $11 {keeps the balance.}) 25. Bh6 $1 $16 Bxh6 (25... f6 $16 {was called for.}) 26. Qxh6 $18 Qd3 {[#]} 27. Rae1 (27. Nh5 $1 $18 {[%mdl 512]} gxh5 28. Qxd6) 27... Ne5 $14 28. Nxe5 (28. Rd1 {is interesting.} Qc4 29. f4 Ng4 30. Qg5 Ne3 31. f5) 28... Qd4+ 29. Kh1 (29. Qe3 {keeps more tension.} Qxe5 30. f4 Qg7 31. Qf2 Qd4 32. Qxd4 cxd4 33. Rd1) 29... Qxe5 30. f4 Qg7 $1 {[%cal Rg7h6]} 31. Qh4 f6 32. Rf3 Kh8 33. Ref1 ({White should try} 33. f5 $11 g5 34. Qg4) 33... Rab8 $1 $15 34. f5 g5 35. Qh5 Kg8 (35... Rb4 $17 36. Ra3 Reb8) 36. h4 $11 h6 $1 37. hxg5 hxg5 38. Qg6 {Strongly threatening Nh5!} Rf8 39. Qh5 (39. Nh5 $11 Qxg6 40. fxg6) 39... Qh7 40. Qxh7+ $1 Kxh7 41. Nh5 (41. e5 $15) 41... Rb4 42. Rh3 {Threatens to win with Nxf6+.} Kg8 43. Ng3 Kg7 (43... Rxa4 $17 {White must now prevent ...Rb4.} 44. Rh6 Rb4) 44. Nh5+ $15 Kg8 (44... Kf7 $15 45. Ng3 Kg7) 45. Ng3 $17 Kg7 ({Better is} 45... Rxa4 $17 46. Rh6 Rb4) 46. Nh5+ $15 Kg8 (46... Kf7 $15 47. Ng3 Kg7) 47. Ng3 {Accuracy: White = 51%, Black = 50%.} 1/2-1/2